000 00304nam a2200133Ia 4500
005 20251222141800.0
008 251222s9999||||xx |||||||||||||| ||spa||
082 _a708/C11
100 _aC. Lemos, Carlos A.
245 2 _aA Imagiária Paulista
250 _a1ra.ed.
264 _bVolkswagen
942 _cLIB
999 _c6132
_d6132